[Event "Kienberg op-A Seniors 1st"]
[Site "Freudenstadt"]
[Date "2003.09.16"]
[Round "3"]
[White "Schurig, Wilhelm"]
[Black "Hengefeld, Heinrich"]
[Result "1-0"]
[WhiteElo "1976"]
[BlackElo "1742"]
[PlyCount "115"]
[EventDate "2003.09.??"]
[EventType "swiss"]
[EventRounds "9"]
[EventCountry "GER"]
[SourceTitle "EXT 2006"]
[Source "ChessBase"]
[SourceDate "2005.11.24"]
[SourceVersion "1"]
[SourceVersionDate "2005.11.24"]
[SourceQuality "1"]

1. Nf3 Nf6 2. g3 d6 3. Bg2 e5 4. d3 g6 5. Nbd2 Bg7 6. 0-0 0-0 7. e4 Nc6 8. c3 Bd7 9. a4 a5 10. Nc4 Qe7 11. Re1 Be6 12. Bg5 h6 13. Bd2 Bxc4 14. dxc4 Qe6 15. b3 Ne7 16. Qc2 Nd7 17. Rad1 f5 18. exf5 gxf5 19. Nh4 c6 20. Bh3 d5 21. cxd5 cxd5 22. Nf3 Rac8 23. Nd4 Qf6 24. Nb5 Nc5 25. Bc1 e4 26. Bf1 Rfd8 27. Be3 Ne6 28. Bb6 Ng5 29. Bxd8 Nf3+ 30. Kh1 Rxd8 31. Re3 Nc6 32. Nd4 Ncxd4 33. cxd4 f4 34. Rxf3 exf3 35. Qc7 fxg3 36. hxg3 Rf8 37. Qxa5 Qf5 38. Qd2 Re8 39. Qd3 Qg4 40. Qb5 Qe6 41. Qxb7 Rc8 42. Qb4 Rc2 43. Re1 Qf5 44. Kg1 Rc8 45. a5 Bf8 46. Qb5 Bd6 47. Re8+ Rxe8 48. Qxe8+ Kg7 49. Qe3 Qg4 50. Kh2 h5 51. Bh3 Qe4 52. Qg5+ Qg6 53. Qxg6+ Kxg6 54. Be6 h4 55. Bxd5 hxg3+ 56. fxg3 Bb8 57. Bxf3 Ba7 58. d5 1-0

[Event "GER-ch Seniors 15th"]
[Site "Bad Wiessee"]
[Date "2003.05.15"]
[Round "6"]
[White "Erhart, Uwe"]
[Black "Hengefeld, Heinrich"]
[Result "1-0"]
[WhiteElo "2127"]
[BlackElo "1742"]
[PlyCount "81"]
[EventDate "2003.05.??"]
[EventType "swiss"]
[EventRounds "9"]
[EventCountry "GER"]
[SourceTitle "EXT 2006"]
[Source "ChessBase"]
[SourceDate "2005.11.24"]
[SourceVersion "1"]
[SourceVersionDate "2005.11.24"]
[SourceQuality "1"]

1. e4 c5 2. Nf3 Nc6 3. d4 cxd4 4. Nxd4 Qc7 5. Nc3 a6 6. Be3 e6 7. a3 b5 8. Be2 Bb7 9. 0-0 Nf6 10. f3 Be7 11. Kh1 0-0 12. Na2 Na5 13. Rb1 Rac8 14. c3 Nc4 15. Bf2 Rfd8 16. Nb4 d5 17. exd5 Nxd5 18. Bxc4 Nxb4 19. Bb3 Nd5 20. Qe1 Bd6 21. h3 Nf4 22. Rd1 Bd5 23. Bxd5 Nxd5 24. Bh4 Re8 25. Qe4 Bg3 26. Bxg3 Qxg3 27. Ne2 Qc7 28. Rd2 Nf6 29. Qe3 Nd5 30. Qf2 h6 31. Rfd1 Nf6 32. Qd4 Nd5 33. Qf2 Re7 34. Ng3 Rd7 35. Ne4 Kf8 36. Qd4 Qc6 37. Kg1 Qc7 38. a4 Nf6 39. Qb4+ Re7 40. Nxf6 gxf6 41. Rd7 1-0

[Event "GER-ch Seniors 15th"]
[Site "Bad Wiessee"]
[Date "2003.05.14"]
[Round "5"]
[White "Hengefeld, Heinrich"]
[Black "Schmidt, Manfred"]
[Result "1-0"]
[WhiteElo "1742"]
[BlackElo "2108"]
[PlyCount "91"]
[EventDate "2003.05.??"]
[EventType "swiss"]
[EventRounds "9"]
[EventCountry "GER"]
[SourceTitle "EXT 2006"]
[Source "ChessBase"]
[SourceDate "2005.11.24"]
[SourceVersion "1"]
[SourceVersionDate "2005.11.24"]
[SourceQuality "1"]

1. d4 d5 2. Nf3 Nf6 3. e3 g6 4. Bd3 Bg7 5. Nbd2 0-0 6. 0-0 c6 7. Re1 Nbd7 8. e4 dxe4 9. Nxe4 Nxe4 10. Bxe4 Nf6 11. Bd3 Bg4 12. c3 Rc8 13. h3 Bxf3 14. Qxf3 Qd7 15. Bf4 Rfd8 16. Rad1 Nd5 17. Bc1 Nb6 18. Bc2 Re8 19. Re2 Qd5 20. Qxd5 cxd5 21. Rde1 e6 22. Bf4 Nc4 23. Ba4 Red8 24. Bg5 Rd6 25. Bf4 Ra6 26. Bb3 Rb6 27. Bc1 a6 28. g3 Rbc6 29. Kg2 b5 30. Bxc4 Rxc4 31. Bd2 Bf6 32. b3 R4c6 33. b4 Bd8 34. a4 bxa4 35. Ra1 a5 36. Rxa4 axb4 37. cxb4 Rc4 38. Be3 Be7 39. Ra7 Bxb4 40. Rb2 Bc3 41. Rbb7 Bxd4 42. Bxd4 Rxd4 43. Rxf7 Rd2 44. Rg7+ Kh8 45. Rxh7+ Kg8 46. Rag7+ 1-0

[Event "Bad Woerishofen Seniors op 18th"]
[Site "Bad Woerishofen"]
[Date "2002.03.13"]
[Round "7"]
[White "Ziltener, Werner"]
[Black "Hengefeld, Heinrich"]
[Result "1-0"]
[WhiteElo "1962"]
[BlackElo "1731"]
[PlyCount "139"]
[EventDate "2002.03.??"]
[EventType "swiss"]
[EventRounds "9"]
[EventCountry "GER"]
[SourceTitle "EXT 2006"]
[Source "ChessBase"]
[SourceDate "2005.11.24"]
[SourceVersion "1"]
[SourceVersionDate "2005.11.24"]
[SourceQuality "1"]

1. Nf3 Nf6 2. d4 d5 3. c4 e6 4. Nc3 c6 5. Bg5 Be7 6. e3 Nbd7 7. Qc2 dxc4 8. Bxc4 Nd5 9. Bxe7 Qxe7 10. Nxd5 exd5 11. Bd3 Qb4+ 12. Nd2 Nf6 13. a3 Qd6 14. h3 Bd7 15. 0-0 h6 16. b4 0-0 17. Nf3 Rfc8 18. Ne5 Be8 19. Rac1 Nd7 20. f4 Nf8 21. Qf2 f6 22. Nf3 Bg6 23. f5 Be8 24. Rc3 Rc7 25. Rfc1 Re7 26. Nd2 Bd7 27. Be2 a5 28. bxa5 Rxa5 29. Nb1 Re8 30. Bd1 Re7 31. g4 Be8 32. Qh2 Qxh2+ 33. Kxh2 Nd7 34. Rb3 Nf8 35. Kg2 g6 36. Bc2 gxf5 37. Bxf5 Bg6 38. Kf2 Bxf5 39. gxf5 Kh7 40. Rg1 Ra7 41. Nc3 Rg7 42. Rxg7+ Kxg7 43. e4 dxe4 44. Nxe4 Nd7 45. Ke3 b6 46. Nd6 Ra4 47. Nb7 Kf7 48. Nd8+ Ke7 49. Nxc6+ Kd6 50. Nb4 Ra5 51. Kf4 Ra4 52. Re3 Kc7 53. h4 h5 54. Ke4 Kd6 55. Rc3 Nc5+ 56. Ke3 Nd7 57. Rc6+ Ke7 58. Nd5+ Kd8 59. Rc3 Ra5 60. Ke4 Ra4 61. Nf4 Ke7 62. Nxh5 Kd6 63. Nf4 b5 64. h5 b4 65. axb4 Rxb4 66. h6 Rb8 67. Ng6 Rb1 68. h7 Re1+ 69. Re3 Rh1 70. h8Q 1-0

[Event "Bad Woerishofen Seniors op 18th"]
[Site "Bad Woerishofen"]
[Date "2002.03.10"]
[Round "4"]
[White "Hengefeld, Heinrich"]
[Black "Narr, Irmgard"]
[Result "1-0"]
[WhiteElo "1731"]
[BlackElo "1290"]
[PlyCount "89"]
[EventDate "2002.03.??"]
[EventType "swiss"]
[EventRounds "9"]
[EventCountry "GER"]
[SourceTitle "EXT 2006"]
[Source "ChessBase"]
[SourceDate "2005.11.24"]
[SourceVersion "1"]
[SourceVersionDate "2005.11.24"]
[SourceQuality "1"]

1. d4 d5 2. Nf3 Nf6 3. Bf4 e6 4. e3 Be7 5. Nbd2 h6 6. h3 Nc6 7. c3 a6 8. Bd3 Bd7 9. Qe2 Na7 10. a4 c5 11. dxc5 Bxc5 12. Ne5 Qb6 13. b4 Bd6 14. 0-0 Qc7 15. Nxd7 Nxd7 16. Bxd6 Qxd6 17. e4 0-0 18. exd5 Qxd5 19. Nf3 Rfe8 20. Rfd1 Qc6 21. c4 Qc7 22. Rab1 Nf6 23. b5 Qc5 24. Ne5 Rad8 25. Bc2 Nc8 26. bxa6 bxa6 27. Qe3 Qxe3 28. fxe3 Nd6 29. Rb6 Nfe4 30. Rxa6 f5 31. c5 Nf7 32. Rxd8 Nxd8 33. Bxe4 fxe4 34. Ra8 Kf8 35. c6 Nxc6 36. Rxe8+ Kxe8 37. Nxc6 Kd7 38. Nd4 e5 39. Nf5 Kc6 40. Nxg7 Kb6 41. Nf5 Ka5 42. Nxh6 Kxa4 43. Nf7 Kb5 44. h4 Kc6 45. h5 1-0

[Event "Wuerttemberg-ch Seniors 10th"]
[Site "Ellwangen"]
[Date "1998.??.??"]
[Round "?"]
[White "Tochtermann, Georg"]
[Black "Hengefeld, Heinrich"]
[Result "1-0"]
[WhiteElo "1890"]
[BlackElo "1840"]
[PlyCount "80"]
[EventDate "1998.04.??"]
[EventType "swiss"]
[EventRounds "9"]
[EventCountry "GER"]
[SourceTitle "EXT 2006"]
[Source "ChessBase"]
[SourceDate "2005.11.24"]
[SourceVersion "1"]
[SourceVersionDate "2005.11.24"]
[SourceQuality "1"]

1. e4 c5 2. Nc3 e6 3. g3 a6 4. a4 g6 5. Bg2 Bg7 6. Nge2 Nc6 7. 0-0 Nf6 8. d3 0-0 9. Be3 d6 10. h3 Qc7 11. f4 Qe7 12. Qd2 Ne8 13. Rae1 Nc7 14. d4 cxd4 15. Nxd4 e5 16. Nxc6 bxc6 17. f5 gxf5 18. exf5 d5 19. Bh6 f6 20. g4 Bd7 21. Kh2 Kh8 22. Ne2 Bxh6 23. Qxh6 Qg7 24. Qh4 Rab8 25. b3 Rb4 26. Qf2 d4 27. Ng3 Be8 28. Qd2 c5 29. Ne4 c4 30. Qxb4 cxb3 31. Qxb3 Bc6 32. Ng3 Qd7 33. Bxc6 Qxc6 34. Ne4 Nd5 35. Rf2 Kg7 36. g5 Rf7 37. gxf6+ Nxf6 38. Rg1+ Kf8 39. Qb8+ Qe8 40. Qxe8+ Kxe8 1-0

[Event "Wuerttemberg-ch Seniors 09th"]
[Site "Ellwangen"]
[Date "1997.??.??"]
[Round "?"]
[White "Hengefeld, Heinrich"]
[Black "Jaeger, Erich"]
[Result "1/2-1/2"]
[WhiteElo "1820"]
[BlackElo "1955"]
[PlyCount "86"]
[EventDate "1997.03.21"]
[EventType "swiss"]
[EventRounds "9"]
[EventCountry "GER"]
[SourceTitle "EXT 2006"]
[Source "ChessBase"]
[SourceDate "2005.11.24"]
[SourceVersion "1"]
[SourceVersionDate "2005.11.24"]
[SourceQuality "1"]

1. d4 Nf6 2. c4 g6 3. Nc3 d6 4. e4 Bg7 5. Bd3 0-0 6. Nf3 Na6 7. h3 Nd7 8. 0-0 e5 9. Bg5 f6 10. Be3 exd4 11. Nxd4 Ne5 12. Be2 Kh8 13. f4 Nf7 14. Qd2 c6 15. Rad1 Qe7 16. Rf3 Nc5 17. f5 Nxe4 18. Nxe4 Qxe4 19. Rf4 Qe7 20. fxg6 hxg6 21. Nf3 g5 22. Rd4 Bf5 23. Bd3 Bxd3 24. Rxd3 Rae8 25. Nd4 Qe4 26. Bf2 Qg6 27. Rf3 Ne5 28. Rg3 Nxc4 29. Qb4 Qf7 30. Nf5 Re5 31. Rf3 a5 32. Qc3 Rd5 33. Rxd5 Qxd5 34. Qc2 Ne5 35. Rg3 Rf7 36. b3 c5 37. Be1 c4 38. bxc4 Qxc4 39. Rc3 Qa6 40. Rc8+ Rf8 41. Rc7 Rf7 42. Rxf7 Nxf7 43. Qc7 Qe2 1/2-1/2

[Event "Wuerttemberg-ch Seniors 09th"]
[Site "Ellwangen"]
[Date "1997.??.??"]
[Round "?"]
[White "Von Hoesslin, Holger"]
[Black "Hengefeld, Heinrich"]
[Result "0-1"]
[WhiteElo "1865"]
[BlackElo "1820"]
[PlyCount "72"]
[EventDate "1997.03.21"]
[EventType "swiss"]
[EventRounds "9"]
[EventCountry "GER"]
[SourceTitle "EXT 2006"]
[Source "ChessBase"]
[SourceDate "2005.11.24"]
[SourceVersion "1"]
[SourceVersionDate "2005.11.24"]
[SourceQuality "1"]

1. e4 c5 2. Nf3 Nc6 3. d4 cxd4 4. Nxd4 e6 5. Nc3 a6 6. Be3 Nf6 7. f3 h6 8. Qd2 Bb4 9. a3 Qa5 10. Nb3 Bxc3 11. bxc3 Qc7 12. 0-0-0 0-0 13. g4 d5 14. g5 Nh5 15. gxh6 g6 16. exd5 exd5 17. Rg1 Be6 18. f4 Kh7 19. Be2 Nf6 20. Bf3 Ne4 21. Bxe4 dxe4 22. Qg2 Bf5 23. h4 Rad8 24. Rxd8 Rxd8 25. h5 Qe7 26. Kb2 a5 27. hxg6+ fxg6 28. Nd4 Qf7 29. Qg5 Rd7 30. Rg2 a4 31. Rd2 Na5 32. Re2 Nc4+ 33. Kc1 Qf8 34. Kd1 Qxa3 35. Qf6 Qxc3 36. Bf2 Qa1# 0-1

[Event "Wuerttemberg-ch Seniors 08th"]
[Site "Ellwangen"]
[Date "1996.??.??"]
[Round "?"]
[White "Hengefeld, Heinrich"]
[Black "Kley, Thomas"]
[Result "1-0"]
[WhiteElo "1735"]
[BlackElo "1810"]
[PlyCount "104"]
[EventDate "1996.03.30"]
[EventType "swiss"]
[EventRounds "9"]
[EventCountry "GER"]
[SourceTitle "EXT 2006"]
[Source "ChessBase"]
[SourceDate "2005.11.24"]
[SourceVersion "1"]
[SourceVersionDate "2005.11.24"]
[SourceQuality "1"]

1. d4 e6 2. e4 d5 3. e5 c5 4. c3 Nc6 5. Nf3 h6 6. Be2 cxd4 7. cxd4 Bb4+ 8. Nc3 Bd7 9. 0-0 Nge7 10. Bd3 Rc8 11. Be3 Na5 12. Rc1 Bxc3 13. Rxc3 Rxc3 14. bxc3 b5 15. Qe2 a6 16. Nd2 Qc7 17. Rc1 Nc4 18. Nb3 Nxe3 19. Qxe3 0-0 20. Nc5 Bc8 21. f4 f5 22. Rf1 Qa5 23. Qd2 Nc6 24. Qb2 Nd8 25. Bb1 Nb7 26. Nd3 Bd7 27. Rf3 Rc8 28. Nf2 Nd8 29. g4 Nc6 30. gxf5 exf5 31. Rg3 Kh7 32. Kg2 b4 33. cxb4 Qxb4 34. Qxb4 Nxb4 35. Rb3 Rb8 36. Nd3 Nc6 37. Nc5 Rxb3 38. axb3 Be8 39. Bxf5+ g6 40. Be6 Nxd4 41. Bxd5 a5 42. Nb7 Bc6 43. Bxc6 Nxc6 44. Kf2 Kg7 45. Ke3 Kf7 46. Ke4 Ke7 47. h4 Kd7 48. Nc5+ Ke7 49. Nb7 Kd7 50. Nd6 Ke7 51. h5 gxh5 52. Nf5+ Kf7 1-0

[Event "Wuerttemberg-ch Seniors 08th"]
[Site "Ellwangen"]
[Date "1996.??.??"]
[Round "5"]
[White "Rettler, Heinz"]
[Black "Hengefeld, Heinrich"]
[Result "1-0"]
[WhiteElo "1906"]
[BlackElo "1749"]
[PlyCount "105"]
[EventDate "1996.03.30"]
[EventType "swiss"]
[EventRounds "9"]
[EventCountry "GER"]
[SourceTitle "EXT 2006"]
[Source "ChessBase"]
[SourceDate "2005.11.24"]
[SourceVersion "1"]
[SourceVersionDate "2005.11.24"]
[SourceQuality "1"]

1. e4 c5 2. Nf3 Nc6 3. d4 cxd4 4. Nxd4 e6 5. Nb5 d6 6. c4 a6 7. Nd4 Nf6 8. Nc3 Be7 9. Be2 0-0 10. 0-0 Bd7 11. Be3 Qc7 12. Rc1 Rac8 13. b3 Rfd8 14. f4 Nxd4 15. Bxd4 Bc6 16. Bf3 e5 17. Be3 exf4 18. Bxf4 Qb6+ 19. Kh1 Ne8 20. Qe1 Bf6 21. Qg3 Qc7 22. Bg4 Ra8 23. Nd5 Bxd5 24. exd5 Be5 25. Bxe5 dxe5 26. Rce1 f6 27. Be6+ Kh8 28. Rxe5 g6 29. Re3 Qg7 30. Rfe1 f5 31. Qe5 Nd6 32. Qxg7+ Kxg7 33. Rf1 Rf8 34. g3 Rae8 35. c5 Ne4 36. b4 a5 37. a3 axb4 38. axb4 Ng5 39. Rfe1 f4 40. gxf4 Rxf4 41. b5 Ref8 42. c6 bxc6 43. dxc6 Rf2 44. R3e2 Rxe2 45. Rxe2 Rf1+ 46. Kg2 Rc1 47. Bd7 Nf7 48. Rb2 Nd6 49. b6 Nc4 50. b7 Nxb2 51. b8Q Rc2+ 52. Kf3 Rc3+ 53. Ke4 1-0

[Event "Wuerttemberg-ch Seniors 07th"]
[Site "Ellwangen"]
[Date "1995.??.??"]
[Round "6"]
[White "Borchert, Reinhard"]
[Black "Hengefeld, Heinrich"]
[Result "1-0"]
[WhiteElo "1805"]
[BlackElo "1735"]
[PlyCount "42"]
[EventDate "1995.04.07"]
[EventType "swiss"]
[EventRounds "9"]
[EventCountry "GER"]
[SourceTitle "EXT 2006"]
[Source "ChessBase"]
[SourceDate "2005.11.24"]
[SourceVersion "1"]
[SourceVersionDate "2005.11.24"]
[SourceQuality "1"]

1. d4 d5 2. c4 e6 3. Nc3 Nf6 4. Nf3 Bd6 5. Bg5 c6 6. e4 dxe4 7. Nxe4 Be7 8. Nxf6+ Bxf6 9. Bxf6 Qxf6 10. Bd3 Nd7 11. 0-0 0-0 12. Qc2 h6 13. Rfe1 Rd8 14. Re3 Nf8 15. Rae1 Bd7 16. Ne5 Be8 17. Rf3 Qe7 18. Rg3 Rxd4 19. Ng4 Qh4 20. Ne5 f5 21. Nf3 Qf6 1-0